000 01148aam a2200301 i 4500
999 _c45127
_d45127
001 18716
003 CO-MdBIC
005 20200303064113.0
008 190523t1988 -us |||| |||| 00| 0 eng d
020 _a0195043995
040 _aCO-MdFUSB
_bspa
_cCO-MdFUSB
_dCO-MdFUSBC
_erda
041 _aeng
082 0 4 _a29
_2G 297
_bES77
100 1 _aEsposito, John L.
_eautor
245 1 0 _aIslam :
_bthe straight Path
_c/ John L. Esposito
264 1 _aNew York, New York :
_bOxford University Press,
_c[1988]
264 4 _c© 1988
300 _a230 páginas
_c; 21 cm
336 _atexto
_btxt
_2rdacontent
337 _2rdamedia
_asin mediación
_bn
338 _2rdacarrier
_avolumen
_bnc
505 0 _aMuhammad y el Corán: mensajero y mensaje. -- La comunidad musulmana en la historia. -- Vida religiosa: creencia y práctica.Interpretaciones modernas del Islam. -- Islam contemporáneo: religión y política. -- Islam y cambio: cuestiones de autoridad e interpretación.
563 _aRústico
650 0 _aCristianismo y otras religiones
_xHinduismo.
_91248
653 _aMusulmanes -- Religión.
942 _cBK
945 _aJTF-925
_bAEM-53